Tensor / (Record no. 156904)

MARC details
000 -LEADER
fixed length control field 00476nam a22001817a 4500
005 - DATE AND TIME OF LATEST TRANSACTION
control field 20180905165950.0
010 ## - LCCN (DPL NO)
LC control number ENG-123961
020 ## - INTERNATIONAL STANDARD BOOK NUMBER
Terms of availability 350.00
035 ## - SYSTEM CONTROL NUMBER
System control number EN-107493
037 ## - SOURCE OF ACQUISITION
Source of stock number/acquisition DBAD/PUB
082 ## - DEWEY DECIMAL CLASSIFICATION NUMBER
Classification number 515.63
100 ## - MAIN ENTRY--PERSONAL NAME
Personal name Mondal, J.P.
245 ## - TITLE STATEMENT
Title Tensor /
Statement of responsibility, etc by J.P. Mondal
260 ## - PUBLICATION, DISTRIBUTION, ETC. (IMPRINT)
Place of publication, distribution, etc Calcutta
Name of publisher, distributor, etc Kalpataru Publishers
Date of publication, distribution, etc 2018
270 ## - ADDRESS
City Calcutta
Address 19Q Jheel Road
Postal code 700031
300 ## - PHYSICAL DESCRIPTION
Extent 120p
Dimensions 21cm.(Hb.)
942 ## - ADDED ENTRY ELEMENTS (KOHA)
Source of classification or shelving scheme Dewey Decimal Classification
Item type English Books
Call number suffix MON
Classification part 515.63
Holdings
Withdrawn status Lost status Not for loan Collection code Home library Current library Date acquired Source of acquisition Cost, normal purchase price Full call number Barcode Copy number Cost, replacement price Koha item type
    Not For Loan Non-fiction D.B.Act.Division Patel Nagar 04/09/2018 DBAD/PUB 350.00 515.63 MON EN-107493 1 350.00 English Books

© Delhi Public Library
Hit Counter
free hit counter